000
00295nam a2200157Ia 4500
100
_a
None
250
_a
2
942
_c
BK
654
_a
Computer
245
_a
Most Popular Websites
260
_b
Techmedia
_c
1997
082
_a
4.65
300
_a
1071
546
_a
ENGLISH
999
_c
19102
_d
19102